书目信息 |
| 题名: |
金相分析基础
|
|
| 作者: | 单丽梅 主编 | |
| 分册: | ||
| 出版信息: | 北京 北京理工大学出版社 2025.03 |
|
| 页数: | 227页 | |
| 开本: | 26cm | |
| 丛书名: | ||
| 单 册: | ||
| 中图分类: | TG115.21 | |
| 科图分类: | ||
| 主题词: | 金相技术--jin xiang ji shu | |
| 电子资源: | ||
| ISBN: | 978-7-5763-5225-2 | |
| 000 | 01286nam0 2200253 450 | |
| 001 | 97515 | |
| 005 | 20250919164558.27 | |
| 010 | @a978-7-5763-5225-2@dCNY78.80 | |
| 100 | @a20250530d2025 em y0chiy50 ea | |
| 101 | 0 | @achi |
| 102 | @aCN@b110000 | |
| 105 | @aak a 000yy | |
| 106 | @ar | |
| 106 | @ar | |
| 200 | 1 | @a金相分析基础@Ajin xiang fen xi ji chu@f主编单丽梅 |
| 210 | @a北京@c北京理工大学出版社@d2025.03 | |
| 215 | @a227页@c图@d26cm | |
| 320 | @a有书目 (第227页) | |
| 330 | @a本书共有6个项目15个工作任务, 分别是项目一晶粒度的检测, 项目二非金属夹杂物检测, 项目三结构钢的典型金相检测 (包括3个任务: 任务一20钢带状组织检测, 任务二40Cr钢马氏体等级检测, 任务三GCr15钢碳化物不均匀性的检验), 项目四工具钢的金相检测 (包括三个任务: 任务一Cr12共晶碳化物不均匀度检测, 任务二5CrNiMo显微组织评级, 任务三W6Mo5Cr4V2高速钢碳化物均匀度检验), 项目五铸钢和铸铁的金相检测 (包括四个任务: 任务一铸造碳钢的金相检测, 任务二铸造高锰钢的金相检验, 任务三灰铸铁金相检测, 任务四球墨铸铁金相检测), 项目六渗层、表面淬火层金相检验 (包括三个任务: 任务一渗碳层金相检验, 任务二渗氮层金相检验, 任务三表面淬火件金相检验)。 | |
| 606 | 0 | @a金相技术@Ajin xiang ji shu |
| 690 | @aTG115.21@v5 | |
| 701 | 0 | @a单丽梅@Ashan li mei@4主编 |
| 801 | 0 | @aCN@c20250909 |
| 905 | @a河南城建学院图书馆@dTG115.21@eD160@f1 | |
| 金相分析基础/主编单丽梅.-北京:北京理工大学出版社,2025.03 |
| 227页:图;26cm |
| ISBN 978-7-5763-5225-2:CNY78.80 |
| 本书共有6个项目15个工作任务, 分别是项目一晶粒度的检测, 项目二非金属夹杂物检测, 项目三结构钢的典型金相检测 (包括3个任务: 任务一20钢带状组织检测, 任务二40Cr钢马氏体等级检测, 任务三GCr15钢碳化物不均匀性的检验), 项目四工具钢的金相检测 (包括三个任务: 任务一Cr12共晶碳化物不均匀度检测, 任务二5CrNiMo显微组织评级, 任务三W6Mo5Cr4V2高速钢碳化物均匀度检验), 项目五铸钢和铸铁的金相检测 (包括四个任务: 任务一铸造碳钢的金相检测, 任务二铸造高锰钢的金相检验, 任务三灰铸铁金相检测, 任务四球墨铸铁金相检测), 项目六渗层、表面淬火层金相检验 (包括三个任务: 任务一渗碳层金相检验, 任务二渗氮层金相检验, 任务三表面淬火件金相检验)。 |
| ● |
| 相关链接 |
|
|
|
正题名:金相分析基础
索取号:TG115.21/D160
 
预约/预借
| 序号 | 登录号 | 条形码 | 馆藏地/架位号 | 状态 | 备注 |
| 1 | 1638561 | 216385613 | 自科库501/501自科库 24排2列3层/ [索取号:TG115.21/D160] | 在馆 |